01144nam a2200241 u 450000100100000000500170001000800410002704000130006808200240008111000330010524000190013824500770015726000550023430000200028950000930030965100560040271000360045804900090049495201360050395201210063995201270076099900150088700000336920200929150426.0090707s1966 dr r 000 0 spa d aDO-SdBNP a342.02bR426c, 19661 aRepública Dominicana.944710aConstitución10aConstitución de la República Dominicana del 28 de noviembre de 1966. aSanto Domingo :b[s.n],c1966.fImpresora Corporan a64 p. ;c22 cm. aConstitución publicada en la Gaceta Oficial número 9014 del 29 de noviembre de 1966. 4aRepública DominicanaxConstitucióny19669105322 aGrupo Financiero Popular910533 aBNPD 001154708DSaGRbGRcMId2015-02-23iLF1l0o342.02 R426c, 1966p3369-30r2020-06-25te. 3w2020-06-25yLFDSZPréstamo en sala 0010718PDaPDbPDcHDd2009-07-08iLF1l0o342.02 R426c, 1966p3369-10r2020-06-25w2020-06-25yLFPDZNo se presta 0011718PDaPDbPDcMId2009-07-08iLF1l0o342.02 R426c, 1966p3369-20r2020-06-25te. 2w2020-06-25yLFPDZNo se presta c3199d3199